| 000 | 00471cam a22001097a 4500 | ||
|---|---|---|---|
| 008 | 180718b1978 xxu||||| |||| 00| 0 eng d | ||
| 082 | _aT31x6 Un3 | ||
| 245 |
_aTransnational corporations: activities of transnational corporations in southern Africa: impact on financial and social structures _cby United Nations Economic and Social Council, U.S.A. |
||
| 260 |
_aNew York _bUnited Nations _c1978 |
||
| 300 | _a80+p | ||
| 700 | _aU.S.A. United Nations Economic and Social Council | ||
| 999 |
_c497924 _d497924 |
||